000 00516nam a2200169 i 4500
001 31845
003 ES-MaACL
005 20230906154445.0
007 t|
008 030130s1969 sp ||||1| spa d
100 1 _aBecker, Walter.
_926954
245 1 0 _aAtlas de OtorrinolaringologĂ­a /
_cdirigido por Walter Becker.
260 _aBarcelona, etc. :
_bSalvat,
_c[1969]
300 _a315 p. ;
_c30 cm.
500 _aLas láminas que componen el atlas son casi todas en color.
852 _aES-MaACL
_jC-37463
_bR.69970
999 _c31845
_d31845